[Event "Sparkassen GM"]
[Site "Dortmund GER"]
[Date "2007.06.30"]
[Round "6"]
[White "Mamedyarov, S."]
[Black "Carlsen, M."]
[Result "1/2-1/2"]
[WhiteElo "2757"]
[BlackElo "2693"]
[PlyCount "51"]
[EventDate "2007.06.23"]

1. d4 Nf6 2. c4 e6 3. Nf3 d5 4. Nc3 Bb4 5. Qa4+ Nc6 6. Bg5 h6 7. Bxf6 Qxf6 8.
e3 O-O 9. cxd5 exd5 10. Be2 Rd8 11. O-O a6 12. Rfc1 Rb8 13. a3 Bf8 14. b4 Ne7
15. Qb3 Be6 16. a4 Nf5 17. b5 axb5 18. axb5 c5 19. bxc6 bxc6 20. Qa4 c5 21.
dxc5 Bxc5 22. Nb5 Bb6 23. Nbd4 Nxd4 24. Nxd4 Bxd4 25. Qxd4 Qxd4 26. exd4
1/2-1/2